000 00788nam a2200217 i 4500
001 54948
003 ES-MaACL
005 20230909211754.0
007 t|
008 040130s1916 sp |||| | spa d
100 1 _aAlas, Leopoldo,
_d1883-1937
_954121
245 1 0 _aDe la usucapión /
_cpor Leopoldo Alas, Demófilo de Buen y Enrique R. Ramos.
260 _aMadrid :
_bJunta para Ampliación de Estudios e Investigaciones Científicas, Centro de Estudios Históricos,
_c1916.
300 _a336 p. ;
_c22 cm.
650 4 _aPrescripción (Derecho)
_9139522
700 1 _aBuen y Lozano, Demófilo de,
_d1890-1946
_932358
700 1 _aRamos Ramos, Enrique.
_995348
710 2 _aCentro de Estudios Históricos (1910-1939)
_92638
852 _aES-MaACL
_jF-6547
999 _c54948
_d54948